| 000 | 00631nam a2200229Ia 4500 | ||
|---|---|---|---|
| 003 | IN-BaIIA | ||
| 008 | 211028s9999 xx 000 0 eng d | ||
| 020 | _a0-521-07928-4 | ||
| 040 | _cIIA Library | ||
| 080 |
_a537.533 _bKLE |
||
| 100 |
_aKlemperer, O _96864 |
||
| 245 | 0 |
_aElectron optics _cO. Klemperer andM. E. Barrett |
|
| 250 | _a3rd ed. | ||
| 260 |
_aCambridge _bCambridge University Press _c1971 |
||
| 300 | _aix, 506p. | ||
| 490 | _aCambridge monographs on physics | ||
| 650 |
_aElectro-optics _96865 |
||
| 650 | _aNASA Thesaurus | ||
| 650 |
_aOptoelectronics _93202 |
||
| 700 |
_aBarrett, M. E _96866 |
||
| 942 | _cBK | ||
| 999 |
_c3859 _d3859 |
||